000 00374nam a2200121Ia 4500
008 220216s9999 xx 000 0 und d
100 _aLalithambika J
245 0 _aRubber goods manufacturing industry in natural rubber producing countries : Recent developments
260 _bRubber Board Bulletin
_c1993
300 _a4-Feb
650 _aRubber goods industry
942 _cJS
999 _c67626
_d67626